新幹線が通過する市区町村 (2000年) - Statistics

General Stats
  • This quiz has been taken 70 times
  • The average score is 198 of 375
Answer Stats
都道府県 路線 市区町村名 % Correct
神奈川県 東海道新幹線 新横浜駅 横浜市
98%
東京都 東海道新幹線 東京駅 千代田区
96%
東京都 東北新幹線 東京駅 千代田区
96%
東京都 東海道新幹線 なし 品川区
95%
神奈川県 東海道新幹線 なし 川崎市
93%
神奈川県 東海道新幹線 小田原駅 小田原市
93%
静岡県 東海道新幹線 熱海駅 熱海市
93%
東京都 東海道新幹線 なし 港区
91%
東京都 東海道新幹線 なし 大田区
91%
静岡県 東海道新幹線 三島駅 三島市
91%
静岡県 東海道新幹線 静岡駅 静岡市
91%
静岡県 東海道新幹線 掛川駅 掛川市
91%
神奈川県 東海道新幹線 なし 藤沢市
89%
神奈川県 東海道新幹線 なし 藤沢市
89%
神奈川県 東海道新幹線 なし 平塚市
89%
静岡県 東海道新幹線 新富士駅 富士市
89%
静岡県 東海道新幹線 なし 沼津市
85%
静岡県 東海道新幹線 なし 焼津市
85%
静岡県 東海道新幹線 浜松駅 浜松市
85%
愛知県 東海道新幹線 豊橋駅 豊橋市
85%
愛知県 東海道新幹線 名古屋駅 名古屋市
84%
神奈川県 東海道新幹線 なし 大和市
82%
神奈川県 東海道新幹線 なし 湯河原町
82%
静岡県 東海道新幹線 なし 函南町
82%
神奈川県 東海道新幹線 なし 二宮町
80%
神奈川県 東海道新幹線 なし 真鶴町
80%
静岡県 東海道新幹線 なし 袋井市
80%
静岡県 東海道新幹線 なし 磐田市
80%
静岡県 東海道新幹線 なし 磐田市
80%
神奈川県 東海道新幹線 なし 大磯町
78%
静岡県 東海道新幹線 なし 藤枝市
78%
静岡県 東海道新幹線 なし 湖西市
78%
愛知県 東海道新幹線 三河安城駅 安城市
78%
岐阜県 東海道新幹線 岐阜羽島駅 羽島市
78%
神奈川県 東海道新幹線 なし 寒川町
76%
静岡県 東海道新幹線 なし 清水市
76%
愛知県 東海道新幹線 なし 岡崎市
76%
神奈川県 東海道新幹線 なし 綾瀬市
75%
静岡県 東海道新幹線 なし 島田市
75%
愛知県 東海道新幹線 なし 蒲郡市
75%
愛知県 東海道新幹線 なし 幸田町
73%
愛知県 東海道新幹線 なし 刈谷市
73%
愛知県 東海道新幹線 なし 一宮市
73%
京都府 東海道新幹線 京都駅 京都市
73%
京都府 東海道新幹線 なし 京都市
73%
大阪府 東海道新幹線 新大阪駅 大阪市
73%
大阪府 山陽新幹線 新大阪駅 大阪市
73%
岡山県 山陽新幹線 なし 倉敷市
73%
岡山県 山陽新幹線 なし 倉敷市
73%
岡山県 山陽新幹線 新倉敷駅 倉敷市
73%
広島県 山陽新幹線 福山駅 福山市
73%
広島県 山陽新幹線 なし 尾道市
73%
広島県 山陽新幹線 なし 福山市
73%
広島県 山陽新幹線 新尾道駅 尾道市
73%
広島県 山陽新幹線 三原駅 三原市
73%
広島県 山陽新幹線 なし 三原市
73%
広島県 山陽新幹線 なし 広島市
73%
広島県 山陽新幹線 なし 広島市
73%
広島県 山陽新幹線 広島駅 広島市
73%
山口県 山陽新幹線 新岩国駅 岩国市
73%
山口県 山陽新幹線 新下関駅 下関市
73%
福岡県 山陽新幹線 小倉駅 北九州市
73%
福岡県 山陽新幹線 博多駅 福岡市
73%
滋賀県 東海道新幹線 なし 草津市
71%
滋賀県 東海道新幹線 なし 大津市
71%
兵庫県 山陽新幹線 なし 尼崎市
71%
兵庫県 山陽新幹線 なし 尼崎市
71%
兵庫県 山陽新幹線 なし 西宮市
71%
兵庫県 山陽新幹線 新神戸駅 神戸市
71%
兵庫県 山陽新幹線 西明石駅 明石市
71%
兵庫県 山陽新幹線 姫路駅 姫路市
71%
兵庫県 山陽新幹線 相生駅 相生市
71%
岡山県 山陽新幹線 岡山駅 岡山市
71%
広島県 山陽新幹線 東広島駅 東広島市
71%
山口県 山陽新幹線 徳山駅 徳山市
71%
山口県 山陽新幹線 なし 徳山市
71%
東京都 東北新幹線 上野駅 台東区
71%
埼玉県 東北新幹線 なし 浦和市
71%
埼玉県 東北新幹線 大宮駅 大宮市
71%
埼玉県 上越新幹線 大宮駅 大宮市
71%
岐阜県 東海道新幹線 なし 大垣市
69%
岐阜県 東海道新幹線 なし 関ヶ原町
69%
滋賀県 東海道新幹線 米原駅 米原町
69%
大阪府 東海道新幹線 なし 高槻市
69%
東京都 東北新幹線 なし 北区
69%
埼玉県 東北新幹線 なし 川口市
69%
埼玉県 東北新幹線 なし 川口市
69%
栃木県 東北新幹線 小山駅 小山市
69%
栃木県 東北新幹線 宇都宮駅 宇都宮市
69%
埼玉県 上越新幹線 熊谷駅 熊谷市
69%
静岡県 東海道新幹線 なし 長泉町
67%
愛知県 東海道新幹線 なし 稲沢市
67%
滋賀県 東海道新幹線 なし 彦根市
67%
滋賀県 東海道新幹線 なし 彦根市
67%
滋賀県 東海道新幹線 なし 近江八幡市
67%
京都府 東海道新幹線 なし 長岡京市
67%
兵庫県 山陽新幹線 なし 芦屋市
67%
山口県 山陽新幹線 なし 山口市
67%
山口県 山陽新幹線 小郡駅 小郡町
67%
山口県 山陽新幹線 なし 山口市
67%
福島県 東北新幹線 福島駅 福島市
67%
福島県 東北新幹線 なし 福島市
67%
岩手県 東北新幹線 盛岡駅 盛岡市
67%
福島県 山形新幹線 福島駅 福島市
67%
岩手県 秋田新幹線 盛岡駅 盛岡市
67%
愛知県 東海道新幹線 なし 大府市
65%
京都府 東海道新幹線 なし 大山崎町
65%
兵庫県 山陽新幹線 なし 赤穂市
65%
広島県 山陽新幹線 なし 廿日市市
65%
福島県 東北新幹線 郡山駅 郡山市
65%
宮城県 東北新幹線 仙台駅 仙台市
65%
宮城県 東北新幹線 古川駅 古川市
65%
宮城県 東北新幹線 なし 古川市
65%
群馬県 上越新幹線 高崎駅 高崎市
65%
群馬県 長野新幹線 高崎駅 高崎市
65%
群馬県 長野新幹線 安中榛名駅 安中市
65%
長野県 長野新幹線 長野駅 長野市
65%
山形県 山形新幹線 新庄駅 新庄市
65%
秋田県 秋田新幹線 角館駅 角館町
65%
秋田県 秋田新幹線 大曲駅 大曲市
65%
秋田県 秋田新幹線 秋田駅 秋田市
65%
京都府 東海道新幹線 なし 向日市
64%
京都府 東海道新幹線 なし 向日市
64%
兵庫県 山陽新幹線 なし 加古川市
64%
岡山県 山陽新幹線 なし 笠岡市
64%
広島県 山陽新幹線 なし 府中町
64%
山口県 山陽新幹線 なし 宇部市
64%
東京都 東北新幹線 なし 荒川区
64%
福島県 東北新幹線 なし 白河市
64%
福島県 東北新幹線 なし 白河市
64%
福島県 東北新幹線 なし 白河市
64%
福島県 東北新幹線 なし 白河市
64%
宮城県 東北新幹線 なし 白石市
64%
宮城県 東北新幹線 白石蔵王駅 白石市
64%
宮城県 東北新幹線 なし 名取市
64%
岩手県 東北新幹線 一ノ関駅 一関市
64%
岩手県 東北新幹線 水沢江刺駅 水沢市
64%
岩手県 東北新幹線 北上駅 北上市
64%
岩手県 東北新幹線 なし 花巻市
64%
岩手県 東北新幹線 なし 北上市
64%
岩手県 東北新幹線 新花巻駅 花巻市
64%
埼玉県 上越新幹線 なし 本庄市
64%
新潟県 上越新幹線 長岡駅 長岡市
64%
新潟県 上越新幹線 なし 三条市
64%
新潟県 上越新幹線 なし 燕市
64%
新潟県 上越新幹線 燕三条駅 三条市
64%
新潟県 上越新幹線 なし 燕市
64%
新潟県 上越新幹線 新潟駅 新潟市
64%
長野県 長野新幹線 軽井沢駅 軽井沢町
64%
長野県 長野新幹線 佐久平駅 佐久市
64%
長野県 長野新幹線 上田駅 上田市
64%
山形県 山形新幹線 米沢駅 米沢市
64%
山形県 山形新幹線 山形駅 山形市
64%
山形県 山形新幹線 天童駅 天童市
64%
山形県 山形新幹線 さくらんぼ東根駅 東根市
64%
山形県 山形新幹線 村山駅 村山市
64%
静岡県 東海道新幹線 なし 蒲原町
62%
静岡県 東海道新幹線 なし 由比町
62%
愛知県 東海道新幹線 なし 知立市
62%
滋賀県 東海道新幹線 なし 守山市
62%
兵庫県 山陽新幹線 なし 伊丹市
62%
広島県 山陽新幹線 なし 大竹市
62%
山口県 山陽新幹線 なし 小野田市
62%
埼玉県 東北新幹線 なし 蕨市
62%
埼玉県 上越新幹線 なし 深谷市
62%
新潟県 上越新幹線 越後湯沢駅 湯沢町
62%
山形県 山形新幹線 かみのやま温泉駅 上山市
62%
岩手県 秋田新幹線 雫石駅 雫石町
62%
滋賀県 東海道新幹線 なし 野洲町
60%
大阪府 東海道新幹線 なし 島本町
60%
大阪府 東海道新幹線 なし 摂津市
60%
埼玉県 東北新幹線 なし 久喜市
60%
茨城県 東北新幹線 なし 古河市
60%
山形県 山形新幹線 大石田駅 大石田町
60%
秋田県 秋田新幹線 田沢湖駅 田沢湖町
60%
岐阜県 東海道新幹線 なし 垂井町
58%
兵庫県 山陽新幹線 なし 高砂市
58%
山口県 山陽新幹線 なし 防府市
58%
静岡県 東海道新幹線 なし 菊川町
56%
兵庫県 山陽新幹線 なし 龍野市
56%
広島県 山陽新幹線 なし 海田町
56%
広島県 山陽新幹線 なし 海田町
56%
福島県 東北新幹線 なし 須賀川市
56%
宮城県 東北新幹線 なし 岩沼市
56%
埼玉県 上越新幹線 なし 鴻巣市
56%
埼玉県 上越新幹線 なし 鴻巣市
56%
群馬県 上越新幹線 なし 水上町
56%
山形県 山形新幹線 高畠駅 高畠町
56%
滋賀県 東海道新幹線 なし 長浜市
55%
滋賀県 東海道新幹線 なし 栗東町
55%
岡山県 山陽新幹線 なし 備前市
55%
埼玉県 東北新幹線 なし 上尾市
55%
埼玉県 東北新幹線 なし 蓮田市
55%
栃木県 東北新幹線 なし 大田原市
55%
栃木県 東北新幹線 なし 大田原市
55%
福島県 東北新幹線 なし 西郷村
55%
福島県 東北新幹線 なし 西郷村
55%
福島県 東北新幹線 新白河駅 西郷村
55%
岩手県 東北新幹線 なし 平泉町
55%
埼玉県 上越新幹線 なし 上尾市
55%
埼玉県 上越新幹線 なし 桶川市
55%
埼玉県 上越新幹線 なし 桶川市
55%
兵庫県 山陽新幹線 なし 播磨町
53%
埼玉県 東北新幹線 なし 白岡町
53%
栃木県 東北新幹線 なし 矢板市
53%
栃木県 東北新幹線 那須塩原駅 黒磯市
53%
栃木県 東北新幹線 なし 那須町
53%
宮城県 東北新幹線 なし 蔵王町
53%
群馬県 上越新幹線 なし 渋川市
53%
静岡県 東海道新幹線 なし 富士川町
51%
静岡県 東海道新幹線 なし 舞阪町
51%
愛知県 東海道新幹線 なし 西尾市
51%
愛知県 東海道新幹線 なし 清洲町
51%
広島県 山陽新幹線 なし 竹原市
51%
広島県 山陽新幹線 なし 竹原市
51%
山口県 山陽新幹線 なし 新南陽市
51%
福岡県 山陽新幹線 博多南駅 春日市
51%
埼玉県 東北新幹線 なし 伊奈町
51%
栃木県 東北新幹線 なし 野木町
51%
福島県 東北新幹線 なし 二本松市
51%
福島県 東北新幹線 なし 桑折町
51%
岩手県 東北新幹線 なし 江刺市
51%
埼玉県 上越新幹線 なし 伊奈町
51%
埼玉県 上越新幹線 なし 行田市
51%
埼玉県 上越新幹線 なし 行田市
51%
群馬県 上越新幹線 なし 藤岡市
51%
静岡県 東海道新幹線 なし 豊田町
49%
静岡県 東海道新幹線 なし 新居町
49%
愛知県 東海道新幹線 なし 小坂井町
49%
福岡県 山陽新幹線 なし 直方市
49%
宮城県 東北新幹線 なし 大河原町
49%
宮城県 東北新幹線 なし 多賀城市
49%
新潟県 上越新幹線 なし 六日町
49%
愛知県 東海道新幹線 なし 西枇杷島町
47%
岐阜県 東海道新幹線 なし 安八町
47%
山口県 山陽新幹線 なし 下松市
47%
新潟県 上越新幹線 なし 小千谷市
47%
山形県 山形新幹線 赤湯駅 南陽市
47%
滋賀県 東海道新幹線 なし 豊郷町
45%
滋賀県 東海道新幹線 なし 愛知川町
45%
栃木県 東北新幹線 なし 石橋町
45%
栃木県 東北新幹線 なし 石橋町
45%
栃木県 東北新幹線 なし 石橋町
45%
福島県 東北新幹線 なし 矢吹町
45%
福島県 東北新幹線 なし 伊達町
45%
福島県 東北新幹線 なし 伊達町
45%
福島県 東北新幹線 なし 国見町
45%
福島県 東北新幹線 なし 国見町
45%
宮城県 東北新幹線 なし 利府町
45%
岩手県 東北新幹線 なし 矢巾町
45%
長野県 長野新幹線 なし 御代田町
45%
滋賀県 東海道新幹線 なし 多賀町
44%
滋賀県 東海道新幹線 なし 安土町
44%
埼玉県 東北新幹線 なし 栗橋町
44%
栃木県 東北新幹線 なし 氏家町
44%
宮城県 東北新幹線 なし 大和町
44%
宮城県 東北新幹線 なし 大和町
44%
岩手県 東北新幹線 なし 紫波町
44%
新潟県 上越新幹線 浦佐駅 大和町
44%
愛知県 東海道新幹線 なし 御津町
42%
滋賀県 東海道新幹線 なし 甲良町
42%
滋賀県 東海道新幹線 なし 甲良町
42%
茨城県 東北新幹線 なし 五霞町
42%
栃木県 東北新幹線 なし 上三川町
42%
栃木県 東北新幹線 なし 上三川町
42%
栃木県 東北新幹線 なし 上三川町
42%
新潟県 上越新幹線 なし 見附市
42%
長野県 長野新幹線 なし 坂城町
42%
愛知県 東海道新幹線 なし 尾西市
40%
兵庫県 山陽新幹線 なし 太子町
40%
山口県 山陽新幹線 なし 山陽町
40%
福岡県 山陽新幹線 なし 若宮町
40%
埼玉県 東北新幹線 なし 鷲宮町
40%
宮城県 東北新幹線 なし 大衡村
40%
埼玉県 上越新幹線 なし 上里町
40%
群馬県 上越新幹線 なし 榛東村
40%
広島県 山陽新幹線 なし 熊野町
38%
福岡県 山陽新幹線 なし 鞍手町
38%
福岡県 山陽新幹線 なし 久山町
38%
栃木県 東北新幹線 なし 西那須野町
38%
栃木県 東北新幹線 なし 西那須野町
38%
福島県 東北新幹線 なし 泉崎村
38%
宮城県 東北新幹線 なし 柴田町
38%
長野県 長野新幹線 なし 更埴市
38%
山形県 山形新幹線 なし 尾花沢市
38%
滋賀県 東海道新幹線 なし 伊吹町
36%
岡山県 山陽新幹線 なし 金光町
36%
宮城県 東北新幹線 なし 村田町
36%
埼玉県 上越新幹線 なし 岡部町
36%
岩手県 秋田新幹線 なし 滝沢村
36%
広島県 山陽新幹線 なし 河内町
35%
栃木県 東北新幹線 なし 河内町
35%
栃木県 東北新幹線 なし 塩谷町
35%
岡山県 山陽新幹線 なし 長船町
33%
福岡県 山陽新幹線 なし 宮田町
33%
群馬県 上越新幹線 なし 吉岡町
33%
群馬県 長野新幹線 なし 榛名町
33%
群馬県 長野新幹線 なし 榛名町
33%
群馬県 長野新幹線 なし 松井田町
33%
静岡県 東海道新幹線 なし 榛原町
31%
広島県 山陽新幹線 なし 本郷町
31%
広島県 山陽新幹線 なし 本郷町
31%
宮城県 東北新幹線 なし 大郷町
31%
宮城県 東北新幹線 なし 大郷町
31%
宮城県 東北新幹線 なし 大郷町
31%
愛知県 東海道新幹線 なし 新川町
29%
岡山県 山陽新幹線 なし 瀬戸町
29%
岡山県 山陽新幹線 なし 鴨方町
29%
茨城県 東北新幹線 なし 総和町
29%
埼玉県 上越新幹線 なし 吹上町
29%
群馬県 上越新幹線 上毛高原駅 月夜野町
29%
山形県 山形新幹線 なし 舟形町
29%
栃木県 東北新幹線 なし 国分寺町
27%
福島県 東北新幹線 なし 天栄村
27%
福島県 東北新幹線 なし 天栄村
27%
宮城県 東北新幹線 くりこま高原駅 志波姫町
27%
岩手県 東北新幹線 なし 前沢町
27%
静岡県 東海道新幹線 なし 竜洋町
25%
滋賀県 東海道新幹線 なし 近江町
25%
兵庫県 山陽新幹線 なし 揖保川町
25%
岡山県 山陽新幹線 なし 船穂町
25%
岡山県 山陽新幹線 なし 真備町
25%
岡山県 山陽新幹線 なし 船穂町
25%
広島県 山陽新幹線 なし 大野町
25%
山口県 山陽新幹線 なし 玖珂町
25%
岩手県 東北新幹線 なし 花泉町
25%
宮城県 東北新幹線 なし 金成町
25%
群馬県 上越新幹線 なし 高山村
25%
新潟県 上越新幹線 なし 川口町
25%
滋賀県 東海道新幹線 なし 山東町
24%
滋賀県 東海道新幹線 なし 山東町
24%
滋賀県 東海道新幹線 なし 五個荘町
24%
福島県 東北新幹線 なし 安達町
24%
宮城県 東北新幹線 なし 築館町
24%
岩手県 東北新幹線 なし 石鳥谷町
24%
岡山県 山陽新幹線 なし 清音村
22%
栃木県 東北新幹線 なし 上河内町
22%
宮城県 東北新幹線 なし 三本木町
22%
宮城県 東北新幹線 なし 瀬峰町
22%
宮城県 東北新幹線 なし 若柳町
22%
新潟県 上越新幹線 なし 塩沢町
22%
宮城県 東北新幹線 なし 高清水町
20%
埼玉県 上越新幹線 なし 菖蒲町
20%
秋田県 秋田新幹線 なし 河辺町
20%
広島県 山陽新幹線 なし 黒瀬町
18%
山口県 山陽新幹線 なし 熊毛町
18%
栃木県 東北新幹線 なし 南河内町
18%
群馬県 上越新幹線 なし 群馬町
18%
新潟県 上越新幹線 なし 黒埼町
18%
長野県 長野新幹線 なし 北御牧村
18%
長野県 長野新幹線 なし 丸子町
18%
秋田県 秋田新幹線 なし 西仙北町
18%
秋田県 秋田新幹線 なし 協和町
18%
岡山県 山陽新幹線 なし 山手村
16%
山口県 山陽新幹線 なし 周東町
16%
福島県 東北新幹線 なし 白沢村
16%
宮城県 東北新幹線 なし 田尻町
16%
群馬県 上越新幹線 なし 小野上村
16%
新潟県 上越新幹線 なし 中之島町
16%
群馬県 長野新幹線 なし 倉渕村
16%
秋田県 秋田新幹線 なし 中仙町
16%
山口県 山陽新幹線 なし 楠町
15%
新潟県 上越新幹線 なし 堀之内町
15%
新潟県 上越新幹線 なし 栄町
15%
新潟県 上越新幹線 なし 栄町
15%
新潟県 上越新幹線 なし 月潟村
15%
群馬県 長野新幹線 なし 箕郷町
15%
福島県 東北新幹線 なし 大信村
13%
埼玉県 上越新幹線 なし 川里村
13%
埼玉県 上越新幹線 なし 川里村
13%
新潟県 上越新幹線 なし 潟東村
13%
新潟県 上越新幹線 なし 味方村
13%
秋田県 秋田新幹線 なし 神岡町
13%
長野県 長野新幹線 なし 浅科村
11%
新潟県 上越新幹線 なし 中之口村
9%
No matching quizzes found
Score Distribution
Percent of People with Each Score
Percentile by Number Answered
Your Score History
You have not taken this quiz